000 00303nam a2200133Ia 4500
005 20251013221649.0
008 251010s9999 xx 000 0 und d
041 _aeng
100 _aSheldon, S.
_9214254
245 _aIf Tommorrow Comes
250 _a1ST
260 _bRupa & Co.
_c1985
300 _a384
999 _c368533
_d368533